Fauna i natura de Girona / Eloi Bautista
Descripción Física:
[20]p. : il. col. ; 21 cm
MARC
| LEADER | 00000nam a2200000Ia 4500 | ||
|---|---|---|---|
| 001 | 15954 | ||
| 008 | 160829s2004 xx 000 0 cat d | ||
| 080 | |a FU-41-17 | ||
| 100 | |a Bautista, Eloi |9 39167 | ||
| 245 | |a Fauna i natura de Girona / Eloi Bautista | ||
| 260 | |a [Girona] : |b Diputació de Girona, Àrea de cultura, |c 2004 | ||
| 300 | |a [20]p. : |b il. col. ; |c 21 cm | ||
| 490 | |a Joves fotògrafs de les comarques gironines ; 5 | ||
| 650 | |a Fauna |x Girona |x Il·lustracions, imatges, etc. |9 39168 | ||
| 710 | 1 | |a Girona (Catalunya : Província). |b Àrea d'Ensenyament i Cultura |9 54947 | |
| 901 | |a Arxiu | ||
| 942 | |n 1 | ||
| 952 | |0 0 |1 0 |4 0 |6 FU4117 |7 1 |9 48843 |a Arxiu |b Arxiu |d 2016-12-01 |l 0 |o FU-41-17 |p 15954 |r 2016-12-01 00:00:00 |w 2016-12-01 |y ARXIU | ||
| 999 | |c 52678 |d 52678 | ||